000 00582nam a2200241Ia 4500
003 OSt
005 20220924151732.0
006 a|||||r|||| 00| 0
007 ta
008 220923b |||||||| |||| 00| 0 tel d
020 _c26
024 _a338845
037 _cTextual
040 _aARTS
_cARTS
_btel
041 _2tel
_atel
082 _aV2y7M91, 35N1
100 _aSouramouli
_9224835
245 0 _aSanghika viplava saradhi
260 _c1991
650 _aHISTORY
942 _hV2y7M91, 35N1
_cTEXL
_2CC
999 _c467532
_d467532